000 00274nam a2200121Ia 4500
008 220204s9999 xx 000 0 und d
082 _a597
_bHON
245 0 _aWorld of fish
260 _aNew York
_bPeebles
_c1975
650 _aFishes
700 _aHonder, John
942 _cBK
999 _c30265
_d30265